Lender Force-Placed Insurance Practices

Detalles Bibliográficos
Autor principal: Wall, Dennis J.
Formato: eBook
Lenguaje:inglés
Publicado: Chicago: American Bar Association, 2015
Materias:
Acceso en línea:Acceso restringido

MARC

LEADER 00000nam a22000007a 4500
005 20210301202836.0
007 cr|||| ||||
008 210301s2015 us |||||s|||| 00||0 eng d
020 |a 978-1-63425-064-1 
035 |a 33074 
040 |a vLex 
090 |c 11313  |d 11313 
100 1 |a Wall, Dennis J. 
245 1 0 |a Lender Force-Placed Insurance Practices  |h [Recurso electrn̤ico] /  |c Dennis J. Wall 
256 |a Servicio en ln̕ea 
260 |a Chicago:  |b American Bar Association,  |c 2015 
300 |a 1 recurso electrn̤ico 
506 1 |a Disponible solo en los productos indicados”  |d vLex Global  |d vLex Global (Academic Edition, excluding Law Schools)  |d vLex Global (Academic Edition, Law Schools) 
650 0 4 |a Derecho Constitucional  |z Estados Unidos 
740 0 |a vLex Libros (Servicio en ln̕ea) 
856 4 0 |u http://vlex.com/source/lender-force-placed-insurance-practices-guide-plaintiff-defense-insurance-corporate-attorneys-counseling-litigating-claims-defenses-33074  |z Acceso restringido 
942 |c BOOK 
999 0 |a Constitutional right